[Event "Registro Hirota Memorial U2200 3rd"]
[Site "Registro"]
[Date "2018.07.29"]
[Round "4.10"]
[White "Haraguchi, Diego Sashaki"]
[Black "Santos, Matheus G De Olivei"]
[Result "1-0"]
[WhiteElo "1332"]
[BlackElo "1308"]
[PlyCount "110"]
[EventDate "2018.07.28"]
[EventType "swiss"]
[EventRounds "6"]
[EventCountry "BRA"]
[SourceTitle "EXT 2022"]
[Source "ChessBase"]
[SourceDate "2021.10.06"]
[SourceVersion "1"]
[SourceVersionDate "2021.10.06"]
[SourceQuality "1"]

1. d4 Nf6 2. c4 c5 3. d5 e6 4. Nc3 exd5 5. cxd5 d6 6. e4 g6 7. Bg5 Bg7 8. f4 Qc7 9. Nf3 Bg4 10. Bd3 0-0 11. 0-0 a6 12. Rc1 b5 13. h3 Bxf3 14. Qxf3 Nbd7 15. Nd1 Qb6 16. Kh2 Rfc8 17. Nf2 c4 18. Bb1 Ne8 19. Rc2 Nc5 20. f5 gxf5 21. Qxf5 Be5+ 22. Bf4 Ng7 23. Qg4 Kh8 24. Kh1 Bxf4 25. Qxf4 Rf8 26. Qf6 Qd8 27. Qf3 f5 28. exf5 Rxf5 29. Qd1 Qh4 30. Rd2 Rg5 31. Ng4 Nh5 32. Kg1 Rag8 33. Rf7 R8g7 34. Rdf2 Rxf7 35. Rxf7 Rg7 36. Qd4 Qe1+ 37. Rf1 Qe8 38. Nh6 Nd7 39. Nf5 Qe5 40. Qxe5 Nxe5 41. Nxg7 Kxg7 42. Rf5 Nf6 43. g4 Nxd5 44. Rh5 Kf6 45. Rxh7 Ke6 46. Ra7 Nf3+ 47. Kf2 Nd2 48. Bf5+ Ke5 49. Ke2 Ne4 50. Bxe4 Kxe4 51. Rxa6 Nb4 52. Rxd6 Nxa2 53. g5 Nc1+ 54. Kd2 Nb3+ 55. Kc3 Nc5 1-0

[Event "Registro Hirota Memorial U2200 3rd"]
[Site "Registro"]
[Date "2018.07.28"]
[Round "1.11"]
[White "Bonfim, Regina Rodrigues"]
[Black "Santos, Matheus G De Olivei"]
[Result "1-0"]
[WhiteElo "1736"]
[BlackElo "1308"]
[PlyCount "81"]
[EventDate "2018.07.28"]
[EventType "swiss"]
[EventRounds "6"]
[EventCountry "BRA"]
[SourceTitle "EXT 2022"]
[Source "ChessBase"]
[SourceDate "2021.10.06"]
[SourceVersion "1"]
[SourceVersionDate "2021.10.06"]
[SourceQuality "1"]

1. d4 Nf6 2. c4 c5 3. d5 e6 4. Nc3 exd5 5. cxd5 d6 6. e4 g6 7. Nf3 Bg7 8. Be2 0-0 9. 0-0 Bg4 10. h3 Bxf3 11. Bxf3 a6 12. a4 Nbd7 13. Bf4 Qc7 14. Rc1 Rfe8 15. g4 Ne5 16. Bg2 Rab8 17. b3 b5 18. Be3 bxa4 19. Nxa4 Rb7 20. Re1 Reb8 21. f4 Ned7 22. e5 dxe5 23. d6 Qc8 24. Bxb7 Rxb7 25. Nxc5 Nxc5 26. Rxc5 Qd7 27. fxe5 Ne8 28. Bf2 Bf8 29. Bg3 Rb6 30. Qd5 Bxd6 31. exd6 Nxd6 32. Rd1 Qe7 33. Bxd6 Qe3+ 34. Kh2 Rxd6 35. Qa8+ Kg7 36. Rxd6 Qxc5 37. Rd2 Qc3 38. Qd5 Qc7+ 39. Kg2 Qf4 40. Qd4+ Qxd4 41. Rxd4 1-0